[Event "Michigan Open"]
[Site "Lansing, MI"]
[Date "2001.08.31"]
[Round "1.3"]
[White "Gregg, Alan"]
[Black "Garrison, Ray"]
[Result "1-0"]
[WhiteElo "2162"]
[BlackElo "1887"]
[Annotator "Both Players"]
[PlyCount "85"]
[EventDate "2001.08.31"]

{French: Advance (Paulsen) White has the initiative throughout, but misses
some killer tactical opportunities, and Black has chances to make a fight
until the very end. This was a hard-fought game.} 1. e4 e6 2. d4 d5 3. e5 {RG:
White wins space.} c5 {RG: Nimzovich; attack the pawn chain at its base.} 4. c3
Nc6 5. Nf3 Nge7 6. Be2 Bd7 7. Na3 cxd4 8. cxd4 Qa5+ 9. Bd2 Qb6 10. Bc3 Rc8 11.
O-O Nf5 {RG: Now, all is aimed at d4.} 12. Nc2 {DIAGRAM What should Black play?
} Na5 $2 ({AG: Black must play} 12... Be7 {, when white has nothing.}) 13. g4 {
AG: I could not resist this move.} Nh6 14. Ne3 Bb5 ({AG: This has to be wrong;
} 14... Be7 {was much better.}) 15. g5 {AG: White keeps pushing.} Ng8 16. Rc1
Bxe2 17. Qxe2 Nc4 18. Ng4 Qd8 19. b3 Nb6 20. Ba5 {RG: White is in command.} Ne7
21. Rxc8 Nexc8 22. Rc1 Ba3 23. Rc3 {RG: Threat of b4.} Qd7 $2 ({RG:} 23... Be7
{would keep black alive.}) 24. Qc2 O-O {DIAGRAM White to play and win.} 25. b4
$2 ({RG: Forfeits the advantage. White overlooked the excellent chance} 25.
Nf6+ {winning. AG: I made the common mistake of concentrating on one idea,
winning the bishop, which was flawed. After black's next move I am worse.})
25... Nc4 26. Nd2 Nxd2 ({RG: The move} 26... Ne7 $5 {has some apparent merit.})
27. Qxd2 b6 $2 {RG: Strolling merrily down the path to disaster. AG: Ray gives
me another chance to finish him off.} 28. Rxa3 ({RG:} 28. Nf6+ $1 {makes it
even easier for white.}) 28... bxa5 $2 29. Rxa5 ({RG: After} 29. Nf6+ $1 {,
white can celebrate victory. AG: Again, Nf6.}) 29... Nb6 30. Ne3 Qe7 31. h4 f6
32. f4 $2 {RG: A transit from better for white to worse.} fxg5 33. fxg5 Re8 34.
Ng2 Rf8 35. Rc5 Nc4 36. Qe2 Qb7 37. b5 a6 38. a4 axb5 39. axb5 Qa7 40. Qg4 Rf5
$2 41. Kh2 Nd2 $2 ({RG: Shortens the misery for black. AG: The move} 41... g6 {
would hold on.}) 42. Rc8+ Kf7 43. Qh5+ {RG: It's mate in one.} 1-0

[Event "Michigan Open Booster"]
[Site "Lansing, MI"]
[Date "2001.08.31"]
[Round "1.5"]
[White "Droge-Germain, Kurtis"]
[Black "Gregg, Ted"]
[Result "1-0"]
[WhiteElo "863"]
[BlackElo "1182"]
[PlyCount "75"]
[EventDate "2001.08.31"]

1. e4 d6 2. d4 Nf6 3. Nc3 g6 4. Nf3 Bg7 5. Bc4 O-O 6. O-O Bg4 7. h3 Bxf3 8.
Qxf3 e6 9. Bg5 Nbd7 10. Rfe1 Qc8 11. e5 Ne8 12. exd6 Nxd6 13. Qd3 Nf5 14. d5 e5
15. Ne4 h6 16. Be3 Nxe3 17. fxe3 Kh8 18. d6 Nb6 19. dxc7 Qxc7 20. Bb3 Rad8 21.
Qc3 Qxc3 22. Nxc3 f5 23. Nb5 a6 24. Nc7 Rf6 25. Ne6 Rd6 26. Nxg7 Kxg7 27. Rad1
Nd7 28. c4 Nc5 29. Bc2 e4 30. Rd4 Nd3 31. Bxd3 Rxd4 32. exd4 exd3 33. Re3 Rb6
34. b3 Kf6 35. Rxd3 Re6 36. d5 Re2 37. d6 Ke6 38. d7 1-0

[Event "Michigan Open Reserve"]
[Site "Lansing, MI"]
[Date "2001.08.31"]
[Round "1.14"]
[White "Cepeda, Diego"]
[Black "Bailey, Dennis"]
[Result "1-0"]
[WhiteElo "1532"]
[BlackElo "1268"]
[PlyCount "65"]
[EventDate "2001.08.31"]

1. d4 e6 2. Nf3 Nf6 3. Bf4 Be7 4. e3 Nh5 5. Bg3 Nxg3 6. hxg3 b6 7. Bd3 h6 8.
Ne5 O-O 9. Qf3 d5 10. Nd2 Nd7 11. Qg4 Nf6 12. Qh3 c5 13. c3 Qc7 14. g4 Nh7 15.
f4 f5 16. g5 Nxg5 17. fxg5 Bxg5 18. O-O c4 19. Bc2 Kh7 20. Rae1 g6 21. g4 Bd7
22. Ndf3 Kg7 23. Re2 b5 24. Nh4 Bxh4 25. Qxh4 g5 26. Qh3 Rf6 27. gxf5 Raf8 28.
Ref2 Bc8 29. Ng4 exf5 30. Nxf6 Rxf6 31. Bxf5 Bxf5 32. Rxf5 Qd7 33. Rxg5+ 1-0

[Event "Michigan Open Reserve"]
[Site "Lansing, MI"]
[Date "2001.08.31"]
[Round "1.8"]
[White "Carr, Jay"]
[Black "Hodge, Larry"]
[Result "1-0"]
[WhiteElo "1600"]
[BlackElo "1449"]
[PlyCount "79"]
[EventDate "2001.08.31"]

1. c4 e5 2. Nc3 Nf6 3. g3 Nc6 4. Bg2 Bc5 5. e3 d6 6. Nge2 O-O 7. O-O Re8 8. d4
exd4 9. exd4 Bb6 10. a3 a6 11. b4 Ba7 12. Bb2 Rb8 13. Rc1 Bf5 14. Qd2 Ne7 15.
Rcd1 d5 16. c5 c6 17. Nf4 Ng6 18. Nxg6 Bxg6 19. Rde1 Qd7 20. Bc1 Rxe1 21. Rxe1
Re8 22. Rxe8+ Qxe8 23. Qe3 Kf8 24. Bh3 Bb8 25. Qxe8+ Kxe8 26. Bc8 Bd3 27. Bxb7
Kd7 28. f3 h6 29. Kf2 Ne8 30. Ke3 Bc4 31. Nb1 f5 32. Nd2 Nc7 33. Nxc4 dxc4 34.
Kd2 Nb5 35. d5 Nd4 36. dxc6+ Nxc6 37. Bxa6 Ne5 38. Ke2 Kc6 39. f4 Nd3 40. Be3
1-0

[Event "Michigan Open"]
[Site "Lansing, MI"]
[Date "2001.08.31"]
[Round "1.7"]
[White "Carl, Kevin"]
[Black "McIntosh, Shawn"]
[Result "1/2-1/2"]
[WhiteElo "2063"]
[BlackElo "1845"]
[PlyCount "134"]
[EventDate "2001.08.31"]

1. e4 e6 2. d4 d5 3. Nd2 Nf6 4. e5 Nfd7 5. Bd3 c5 6. c3 Nc6 7. Ne2 cxd4 8. cxd4
Qb6 9. Nf3 f6 10. exf6 Nxf6 11. O-O Bd6 12. Bf4 Bxf4 13. Nxf4 O-O 14. Qd2 Bd7
15. Rfe1 Rae8 16. Rad1 Qc7 17. g3 e5 18. dxe5 Nxe5 19. Nxe5 Rxe5 20. Rxe5 Qxe5
21. Bc2 Bg4 22. Re1 Qd6 23. Bb3 Bf3 24. Re3 Be4 25. Rxe4 Nxe4 26. Qxd5+ Kh8 27.
Qxe4 Qf6 28. Qxb7 g5 29. Nd3 Rd8 30. Qe4 h6 31. Qe5 Kg7 32. Qxf6+ Kxf6 33. Bc4
Kf5 34. f3 Rc8 35. b3 a5 36. a4 Rb8 37. Kf2 Rd8 38. Ke3 Re8+ 39. Kd4 Re2 40.
g4+ Kf6 41. Kc5 Rxh2 42. Kb5 Re2 43. Bd5 Re3 44. Nc5 Ke7 45. Be4 Rc3 46. Kxa5
Rxc5+ 47. Kb6 Rc3 48. b4 Rc4 49. Kb5 Rxe4 50. fxe4 h5 51. gxh5 g4 52. h6 Kf7
53. a5 g3 54. a6 g2 55. a7 g1=Q 56. a8=Q Qf1+ 57. Kc5 Qc1+ 58. Kb6 Qe3+ 59. Kc7
Qf4+ 60. Kc8 Qg4+ 61. Kb8 Qf4+ 62. Ka7 Qe3+ 63. Kb8 Qf4+ 64. Kc8 Qg4+ 65. Kc7
Qf4+ 66. Kd7 Qg4+ 67. Kd6 Qf4+ 1/2-1/2

[Event "Michigan Open Reserve"]
[Site "Lansing, MI"]
[Date "2001.08.31"]
[Round "1.2"]
[White "Ash, Richard"]
[Black "Hazzard, Bill"]
[Result "1-0"]
[WhiteElo "1781"]
[BlackElo "1520"]
[PlyCount "87"]
[EventDate "2001.08.31"]

1. e4 c5 2. Nf3 d6 3. Bd3 Nf6 4. c3 Nc6 5. Bc2 Bg4 6. d3 e6 7. Nbd2 Be7 8. O-O
O-O 9. Re1 Qc7 10. Nc4 b5 11. Ne3 Bh5 12. Nf1 d5 13. Ng3 Bxf3 14. Qxf3 Ne5 15.
Qe2 dxe4 16. dxe4 c4 17. f4 Neg4 18. Kh1 Bc5 19. Rf1 Qb6 20. h3 Nf2+ 21. Kh2
Rad8 22. e5 Nd5 23. Ne4 Nxe4 24. Qxe4 g6 25. Rf3 Ne7 26. Be3 Nf5 27. Bxc5 Qxc5
28. Qe2 Ng7 29. Rd1 Rxd1 30. Qxd1 Qd5 31. Qxd5 exd5 32. Rf2 Rd8 33. Rd2 Ne6 34.
Kg3 Kg7 35. Bd1 f5 36. Kf3 d4 37. cxd4 Rxd4 38. Rxd4 Nxd4+ 39. Ke3 Ne6 40. Bf3
Kf8 41. Bc6 b4 42. Bd5 c3 43. bxc3 bxc3 44. Bxe6 1-0

[Event "Michigan Open Reserve"]
[Site "Lansing, MI"]
[Date "2001.08.31"]
[Round "1.1"]
[White "Aldrich, Justin"]
[Black "Sobh, Hassan"]
[Result "0-1"]
[WhiteElo "1525"]
[BlackElo "1788"]
[PlyCount "96"]
[EventDate "2001.08.31"]

1. e4 Nc6 2. Nf3 e5 3. Bc4 Be7 4. Nc3 Nf6 5. O-O O-O 6. a3 d6 7. h3 Nd4 8. d3
Be6 9. Bxe6 Nxe6 10. Be3 c6 11. Ne2 Nh5 12. Qc1 f5 13. exf5 Rxf5 14. Ng3 Nxg3
15. fxg3 Qd7 16. Qd2 c5 17. c3 Raf8 18. Rae1 Nc7 19. Bf2 Qc6 20. Re4 Ne6 21.
Nh4 R5f7 22. Nf3 Bd8 23. Ree1 Nc7 24. Qe2 Re8 25. Qe3 Rfe7 26. Qg5 Re6 27. Qe3
Qb5 28. Qd2 d5 29. c4 Qc6 30. Qc3 d4 31. Qc1 e4 32. dxe4 Rxe4 33. b4 b6 34. Rd1
Qg6 35. Qd2 Re2 36. Qd3 Qxd3 37. Rxd3 Rc2 38. Re1 Rxe1+ 39. Bxe1 Rxc4 40. bxc5
bxc5 41. Ne5 Rc1 42. Kf2 Nd5 43. Nc6 Bb6 44. a4 c4 45. Rf3 d3+ 46. Kf1 Ne3+ 47.
Kf2 Ng4+ 48. Kf1 Nh2# 0-1

[Event "Michigan Open"]
[Site "Lansing, MI"]
[Date "2001.08.31"]
[Round "1.2"]
[White "Aldrich, Jeff"]
[Black "Ballicora, Miguel"]
[Result "0-1"]
[WhiteElo "1900"]
[BlackElo "2172"]
[PlyCount "72"]
[EventDate "2001.08.31"]

1. d4 e6 2. c4 Nf6 3. Nc3 Bb4 4. e3 d5 5. Nf3 O-O 6. Bd3 b6 7. O-O Bb7 8. cxd5
exd5 9. Qc2 Re8 10. Ne5 Bf8 11. b3 a6 12. a3 c5 13. f3 Nc6 14. Nxc6 Bxc6 15. a4
Bd6 16. Qf2 Qc7 17. Qh4 Qb7 18. Ne2 Be7 19. Qf2 Bd7 20. Bb2 b5 21. dxc5 bxa4
22. b4 a5 23. Bc3 axb4 24. Bxb4 Reb8 25. Rfb1 Bb5 26. Bc2 Rc8 27. Nd4 g6 28. c6
Bxc6 29. Nxc6 Rxc6 30. Bxe7 Qxe7 31. Rxa4 Rac8 32. Ra2 Rc3 33. Re1 Qc5 34. Bb1
Rc1 35. Rae2 Qb4 36. Qf1 Qxb1 0-1

[Event "Michigan Open Reserve"]
[Site "Lansing, MI"]
[Date "2001.09.01"]
[Round "2.28"]
[White "Wright, Eric"]
[Black "Cox, Nick"]
[Result "0-1"]
[WhiteElo "1449"]
[BlackElo "1393"]
[PlyCount "104"]
[EventDate "2001.08.31"]

1. d4 Nf6 2. Nf3 g6 3. g3 Bg7 4. Bg2 O-O 5. O-O d6 6. c4 Re8 7. Nc3 Nc6 8. a3
e5 9. dxe5 dxe5 10. Qxd8 Rxd8 11. e4 Bg4 12. Bg5 Re8 13. Nd2 Nd4 14. Nb5 Nxb5
15. cxb5 Rad8 16. f3 Bd7 17. Rfc1 Bxb5 18. Rxc7 Bc6 19. Rc1 h6 20. Be3 Bf8 21.
Bc5 Bxc5+ 22. Kh1 Bb6 23. R7xc6 bxc6 24. Nc4 Rd4 25. Bf1 Red8 26. Rc2 Kg7 27.
b4 Ne8 28. Be2 Nc7 29. Kg2 f6 30. Kf1 R4d7 31. a4 Bd4 32. Na3 Rb8 33. Rc4 Na6
34. Nc2 Rb6 35. Ke1 Rdb7 36. Nxd4 exd4 37. Rxd4 Nxb4 38. Rc4 Rc7 39. a5 Rb8 40.
Kf2 c5 41. Kf1 Rb5 42. Rc1 Rxa5 43. Bc4 Ra3 44. Kg2 a5 45. Kh3 Rxf3 46. Be6 a4
47. Bc4 a3 48. Ra1 Rc3 49. Be6 c4 50. Bg4 a2 51. Bd1 Ra3 52. Kg2 c3 0-1

[Event "Michigan Open"]
[Site "Lansing, MI"]
[Date "2001.09.01"]
[Round "3.18"]
[White "Williams, Ron"]
[Black "Thurman, John"]
[Result "1/2-1/2"]
[WhiteElo "1999"]
[BlackElo "1601"]
[PlyCount "98"]
[EventDate "2001.08.31"]

1. c4 Nf6 2. Nc3 c5 3. g3 Nc6 4. Bg2 g6 5. d3 Bg7 6. Bf4 d6 7. Nf3 Bd7 8. O-O
O-O 9. Qc1 Rc8 10. Bh6 Nd4 11. Bxg7 Kxg7 12. Nh4 b5 13. e3 b4 14. exd4 bxc3 15.
bxc3 cxd4 16. cxd4 Bc6 17. Bxc6 Rxc6 18. Re1 Qc7 19. Qg5 e6 20. d5 h6 21. Qe3
exd5 22. cxd5 Rc5 23. d4 Rc3 24. Qe7 Rb8 25. Ng2 Nxd5 26. Qxc7 Rxc7 27. Re2 Rb4
28. Rd2 Rc3 29. Ne1 Rbc4 30. Kg2 a5 31. h4 h5 32. Nf3 f6 33. Rb1 Rb4 34. Rdb2
Kf7 35. Rb3 Ke6 36. Re1+ Kd7 37. Reb1 Rcxb3 38. Rxb3 Kc6 39. Kf1 Kb5 40. Nd2 f5
41. Ke2 a4 42. Rxb4+ Nxb4 43. a3 Nc2 44. Nb1 Kc4 45. d5 Kb3 46. Kd2 Nxa3 47.
Nxa3 Kxa3 48. Kc3 Ka2 49. Kc2 Ka3 1/2-1/2

[Event "Michigan Open Booster"]
[Site "Lansing, MI"]
[Date "2001.09.01"]
[Round "2.7"]
[White "Willett, Lindsay"]
[Black "Sobh, Raed"]
[Result "0-1"]
[WhiteElo "834"]
[BlackElo "1103"]
[PlyCount "106"]
[EventDate "2001.08.31"]

1. e4 c5 2. Nc3 b6 3. Nf3 Bb7 4. d4 e6 5. d5 Be7 6. dxe6 dxe6 7. Qxd8+ Bxd8 8.
Bb5+ Nc6 9. O-O a6 10. Bxc6+ Bxc6 11. Ne5 Bb7 12. Bf4 Nf6 13. Bg5 O-O 14. Bxf6
gxf6 15. Nd7 Re8 16. e5 Kh8 17. Nxf6 Bxf6 18. exf6 Rg8 19. g3 Rg6 20. Rad1 Rxf6
21. Rd6 b5 22. Rfd1 Rf5 23. Rd8+ Kg7 24. Rxa8 Bxa8 25. a3 Re5 26. b4 Bf3 27.
Rf1 h5 28. Nb1 Re2 29. c3 c4 30. h4 Be4 31. Kh2 Bxb1 32. Rxb1 Rxf2+ 33. Kh3 Rc2
34. a4 Rxc3 35. Ra1 Rb3 36. axb5 axb5 37. Re1 Rxb4 38. Re4 Rb3 39. Kh2 c3 40.
Re3 Rb2+ 41. Kh3 c2 42. Rc3 b4 43. Rc4 b3 44. g4 hxg4+ 45. Kxg4 Rb1 46. h5 Rg1+
47. Kh4 c1=Q 48. Rxc1 Rxc1 49. Kg5 f6+ 50. Kh4 b2 51. Kg4 b1=Q 52. Kh4 Rc3 53.
Kg4 Qb4# 0-1

[Event "Michigan Open Reserve"]
[Site "Lansing, MI"]
[Date "2001.09.01"]
[Round "3.3"]
[White "West, Tony"]
[Black "Lynem, Charles"]
[Result "1-0"]
[WhiteElo "1734"]
[BlackElo "1585"]
[PlyCount "41"]
[EventDate "2001.08.31"]

1. e4 e6 2. d4 d5 3. e5 c5 4. c3 Nc6 5. Nf3 Qb6 6. a3 Bd7 7. b4 cxd4 8. cxd4
Rc8 9. Be3 Nge7 10. Bd3 Nb8 11. O-O Bb5 12. Qe2 Bxd3 13. Qxd3 a6 14. Nc3 Qd8
15. Rac1 Nf5 16. Nxd5 Nxd4 17. Bxd4 exd5 18. Qf5 Rc4 19. e6 Qc7 20. exf7+ Qxf7
21. Qe5+ 1-0

[Event "Michigan Open Booster"]
[Site "Lansing, MI"]
[Date "2001.09.01"]
[Round "3.14"]
[White "Welch, Eric"]
[Black "Dyer, Rosanna"]
[Result "0-1"]
[WhiteElo "1079"]
[BlackElo "987"]
[PlyCount "100"]
[EventDate "2001.08.31"]

1. e4 e5 2. Nf3 d6 3. d4 exd4 4. Nxd4 Nf6 5. Bg5 Be7 6. Nc3 Nxe4 7. Nxe4 Bxg5
8. Bc4 O-O 9. Bb3 Re8 10. Qf3 Qf6 11. O-O Qxf3 12. Nxf3 Rxe4 13. Nxg5 Re7 14.
Rfe1 Nc6 15. Re3 Bf5 16. Bd5 Kf8 17. c3 Bg6 18. Rae1 Rb8 19. f4 h6 20. Nf3 Rbe8
21. Rxe7 Rxe7 22. Rxe7 Kxe7 23. Bxc6 bxc6 24. Nd4 Be4 25. b4 Kd7 26. Kf2 Bd5
27. a3 Kc8 28. g4 Kb7 29. h4 Be4 30. g5 hxg5 31. fxg5 g6 32. Kg3 Kb6 33. Kf4
Bd3 34. Ke3 Bb1 35. Kf4 c5 36. bxc5+ Kxc5 37. Nb3+ Kc4 38. Nd2+ Kxc3 39. Nxb1+
Kc2 40. h5 gxh5 41. Kf5 h4 42. Kf6 h3 43. Kxf7 h2 44. g6 h1=Q 45. g7 Qf1+ 46.
Ke7 Qc4 47. a4 Qg8 48. Na3+ Kb3 49. Kd7 Qxg7+ 50. Kc6 Qc3+ 0-1

[Event "Michigan Open"]
[Site "Lansing, MI"]
[Date "2001.09.01"]
[Round "3.3"]
[White "Ward, Tom"]
[Black "Levi, Ariel"]
[Result "1/2-1/2"]
[WhiteElo "2210"]
[BlackElo "2080"]
[PlyCount "39"]
[EventDate "2001.08.31"]

1. e4 c5 2. Nf3 d6 3. d4 cxd4 4. Nxd4 Nf6 5. Nc3 g6 6. Be3 Bg7 7. f3 Nc6 8. Qd2
O-O 9. O-O-O Nxd4 10. Bxd4 Be6 11. Kb1 Qc7 12. g4 Rfc8 13. Be2 Qa5 14. Nd5 Qxd2
15. Nxf6+ Bxf6 16. Rxd2 Bxd4 17. Rxd4 Rc5 18. h4 Rac8 19. Rd2 h6 20. Bd3
1/2-1/2

[Event "Michigan Open Booster"]
[Site "Lansing, MI"]
[Date "2001.09.01"]
[Round "3.13"]
[White "Walker, Justin"]
[Black "Schoenfeldt, Ben"]
[Result "0-1"]
[WhiteElo "1372"]
[BlackElo "1058"]
[PlyCount "70"]
[EventDate "2001.08.31"]

1. e4 c5 2. Nc3 g6 3. b3 Nc6 4. Nf3 Bg7 5. g3 d6 6. d3 Bxc3+ 7. Bd2 Bxa1 8.
Qxa1 Nf6 9. Bg2 O-O 10. O-O Be6 11. h3 d5 12. e5 Nd7 13. Ng5 Ndxe5 14. Qe1 h6
15. Nf3 Nxf3+ 16. Bxf3 Kg7 17. Qe3 Rh8 18. Qxc5 Bxh3 19. Re1 e6 20. d4 Rc8 21.
g4 b6 22. Qc3 Ne5 23. Qe3 Nxg4 24. Bxg4 Bxg4 25. Qg3 Bf5 26. Bf4 g5 27. Be5+ f6
28. Bf4 Kf7 29. Bd2 Rxc2 30. Bb4 Rxa2 31. Qd6 Qxd6 32. Bxd6 Rb2 33. b4 Rd8 34.
Bc7 Rc8 35. Bg3 Rxb4 0-1

[Event "Michigan Open Booster"]
[Site "Lansing, MI"]
[Date "2001.09.01"]
[Round "3.7"]
[White "Vasos, John"]
[Black "Droge-Germain, Kurtis"]
[Result "1-0"]
[WhiteElo "1160"]
[BlackElo "863"]
[PlyCount "116"]
[EventDate "2001.08.31"]

1. e4 e5 2. Nf3 d6 3. h3 Be6 4. Be2 Nf6 5. Nc3 Nc6 6. d4 exd4 7. Nxd4 Qd7 8.
Bb5 d5 9. e5 a6 10. exf6 axb5 11. fxg7 Bxg7 12. Ncxb5 Qe7 13. O-O Rg8 14. Nxe6
fxe6 15. Qh5+ Kd7 16. c3 Bf6 17. Bf4 Qg7 18. Qf3 Be5 19. Bxe5 Nxe5 20. Qg3 Qxg3
21. fxg3 Rxg3 22. Rae1 Nd3 23. Rf7+ Kc6 24. Nd4+ Kb6 25. Rxe6+ c6 26. Ree7 Ra7
27. Rxh7 Nf4 28. Rhg7 Rxg7 29. Rxg7 Rxa2 30. Rf7 c5 31. Rf6+ Ka5 32. b4+ Ka4
33. Rxf4 cxd4 34. Rxd4 Rc2 35. Rd3 Kb3 36. Rxd5 Rxc3 37. Rb5 Rc7 38. h4 Kc4 39.
Rc5+ Rxc5 40. bxc5 Kd5 41. h5 Ke6 42. g4 Kf7 43. Kf2 Kg7 44. Kf3 Kf7 45. Kf4
Kg7 46. Ke5 Kf7 47. Kd6 Kg7 48. Kc7 Kf7 49. Kxb7 Kg7 50. c6 Kf6 51. c7 Ke5 52.
c8=Q Kd5 53. Qc6+ Kd4 54. Qf6+ Ke4 55. Qc6+ Kd4 56. Kb6 Ke3 57. Qc5+ Ke2 58.
Qe5+ Kd2 1-0

[Event "Michigan Open"]
[Site "Lansing, MI"]
[Date "2001.09.01"]
[Round "3.11"]
[White "Szczypka, Tom"]
[Black "Manion, Tom"]
[Result "1-0"]
[WhiteElo "1977"]
[BlackElo "1830"]
[PlyCount "48"]
[EventDate "2001.08.31"]

1. c4 c5 2. Nf3 Nf6 3. g3 g6 4. Bg2 Bg7 5. Nc3 O-O 6. d3 Nc6 7. Bg5 b6 8. Qd2
Re8 9. Ne5 Bb7 10. Bxf6 Bxf6 11. Ng4 Bg7 12. Nh6+ Kf8 13. Qf4 f6 14. h4 e5 15.
Qd2 Rb8 16. h5 Nd4 17. Bxb7 Rxb7 18. hxg6 hxg6 19. O-O-O b5 20. e3 b4 21. Ne4
d5 22. Nxc5 Rc7 23. exd4 exd4 24. Qxb4 Qe7 1-0

[Event "Michigan Open Reserve"]
[Site "Lansing, MI"]
[Date "2001.09.01"]
[Round "3.7"]
[White "Sundeen, David"]
[Black "McCarter, Robert"]
[Result "0-1"]
[WhiteElo "1612"]
[BlackElo "1600"]
[Annotator "Jeff Aldrich"]
[PlyCount "50"]
[EventDate "2001.08.31"]

{Sicilian: Closed The fianchettoed bishop is very important for controlling
the square around the king. White decides to trade his off for knight. The
result is quickly decisive:} 1. e4 c5 2. Nc3 Nc6 3. g3 g6 4. Bg2 Bg7 5. d3 d6
6. Be3 e6 7. Qd2 Rb8 8. f4 Nge7 9. Nf3 b5 {Black is making his claim for space
on the king-side.} 10. O-O b4 11. Nd1 O-O 12. e5 Nf5 {Filling the hole created
by the pawn push.} 13. Bf2 Nfd4 14. exd6 Nxf3+ 15. Bxf3 Qxd6 16. c3 $6 {White
is already starting to move down the wrong path. This weakens the d-file for
white.} a5 17. Rc1 bxc3 18. bxc3 Ba6 19. Re1 Rfd8 20. Nb2 c4 21. d4 e5 {Black
has built up a nice small advantage. White's bishops look like they should be
strong, but they really aren't attacking anything. DIAGRAM What should white
do?} 22. Bxc6 $4 ({Totally giving up the light squares. White would be better
off settling for} 22. fxe5 Nxe5 23. Bg2) 22... Qxc6 23. fxe5 Bb7 {Simple.
Black makes quick work of those same light square that were vacated by the
bishop.} 24. d5 Rxd5 25. Qe3 Rxe5 0-1

[Event "Michigan Open Reserve"]
[Site "Lansing, MI"]
[Date "2001.09.01"]
[Round "2.22"]
[White "Steen, Harold"]
[Black "Neshewat, Michael"]
[Result "1-0"]
[WhiteElo "1602"]
[BlackElo "1713"]
[Annotator "Jeff Aldrich"]
[PlyCount "53"]
[EventDate "2001.08.31"]

{Queen's Pawn: Closed (Rubinstein)} 1. d4 d5 2. Nf3 Nf6 3. e3 e6 4. Bd3 c5 5.
b3 Nc6 6. Bb2 Be7 7. a3 O-O 8. O-O Ne4 9. Nbd2 f5 10. Ne5 Bg5 11. f4 Bh4 12.
Qe2 Nxe5 13. dxe5 Kh8 14. Rf3 g5 $2 {Taking too big of a risk to get at
white's king. Got to get that queen-side developed.} 15. fxg5 Qxg5 16. Raf1 Rg8
17. Rh3 d4 $2 ({Black is not that bad off after} 17... Nxd2 {The text gives
white time to set up his attack and he finishes efficiently.}) 18. Nxe4 fxe4
19. Bxe4 dxe3 20. g3 Qe7 21. Qh5 e2 22. Qxe2 Bg5 23. Qh5 h6 24. Rf7 Qxf7 25.
Qxf7 Rg7 26. Qf8+ Rg8 27. Rxh6+ 1-0

[Event "Michigan Open Reserve"]
[Site "Lansing, MI"]
[Date "2001.09.01"]
[Round "1.27"]
[White "Steen, Harold"]
[Black "Imai, Toshio"]
[Result "1-0"]
[WhiteElo "1602"]
[BlackElo "1400"]
[Annotator "Tim McGrew"]
[PlyCount "41"]
[EventDate "2001.08.31"]

{Harold starts out mildly with the Colle System, but he rapidly shows his true
intentions. In playing over his games I found it difficult to come to grips
with his style. Often his openings are relatively unambitious, but once his
mobilization is complete he may turn even the most innocuous position into an
attacking platform. Memo to Harold -- would you consider playing gambits from
the outset?} 1. d4 c5 2. e3 {A very calm decision. David Moody would
undoubtedly play 2.e4 and offer a Smith-Morra Gambit.} g6 3. Nf3 Nf6 4. Bd3 Bg7
5. O-O cxd4 $6 {There's an unwritten rule in these positions that he who
breaks the tension first gets the short end of the positional stick. Black
would do better to leave the tension there a bit longer, perhaps throwing in ..
.b6 and ...Ba6!? to swap off White's light-square bishop.} 6. exd4 O-O 7. b3 {
Since the pawn structure in the center has already been clarified, White can
dispense with the fianchetto and bring the bishop out to a more active square
like f4 or g5, perhaps aiming to swap off Black's fianchettoed bishop. Harold
may have been afraid of ...Qb6 targetting the newly-weakened b-pawn, but if
White plays c3 first and then develops the bishop he can meet that with Qd2.}
d5 8. Bb2 Nc6 9. a3 a6 10. Nbd2 b5 11. Ne5 Qc7 12. f4 {Suddenly the game takes
on the character of a Stonewall Attack. White intends to swing a rook up to
the third rank and over into the assault.} e6 {This self-blocking move falls
in with White's plans.} (12... Bf5 {is probably a better way to cope with
White's growing pressure. After} 13. Bxf5 gxf5 {Black has enough control of e4
to drop a knight there, which would certainly help a lot.}) 13. Rf3 Nd7 14. Rh3
f5 {This reinforces e4 and creates a very solid wall against the light-square
bishop. But it also makes the e6 pawn critically weak and abandons the
possibility of ...f6 at some point to evict White's knight. On balance, it
seems to be a failure.} 15. Ndf3 Ndxe5 16. fxe5 Bb7 {Black is understandably
eager to link his rooks, but now the weakness of e6 comes back to haunt him.}
17. Ng5 {Oops! That's a fork.} Rae8 {It may be too late for advice, but this
looks like the wrong rook since White's next two moves come with a gain of
time.} 18. Nxh7 Rf7 19. Ng5 Rfe7 {Now the rooks are out of harm's way, but
they also create a wall that shuts in the Black king and prevents Black from
defending the pawn at g6.} 20. Qe1 Bh8 21. Qh4 1-0

[Event "Michigan Open"]
[Site "Lansing, MI"]
[Date "2001.09.01"]
[Round "2.12"]
[White "Spooner, Frank"]
[Black "Aldrich, Jeff"]
[Result "1/2-1/2"]
[WhiteElo "1736"]
[BlackElo "1900"]
[PlyCount "67"]
[EventDate "2001.08.31"]

1. Nf3 d5 2. e3 Nf6 3. b3 g6 4. Bb2 Bg7 5. Be2 O-O 6. O-O Nbd7 7. d3 b6 8. Nbd2
Bb7 9. c4 c5 10. Qc2 Qc7 11. cxd5 Nxd5 12. Bxg7 Kxg7 13. Qb2+ Kg8 14. Rac1 Rac8
15. d4 Qb8 16. Nc4 cxd4 17. Qxd4 Nc5 18. Nce5 Ne6 19. Qb2 Nf6 20. Bc4 Bd5 21.
Bxd5 Nxd5 22. Nd7 Qb7 23. Nxf8 Rxf8 24. Rfd1 Nc5 25. Qd4 Nf6 26. Qe5 a5 27. a3
Nxb3 28. Rc7 Qe4 29. Qxe4 Nxe4 30. Rxe7 Nbc5 31. Rb1 Rb8 32. Re5 Nc3 33. Ra1
Kf8 34. Nd4 1/2-1/2